000 01523nam a2200301 a 4500
001 61969
003 BD-RjUL
005 20211209081026.0
008 170122s2007 bg a s o000 0|eng||
020 _a9845087310
_c: Tk. 500.00 Inland
035 _a(BD-RjUL)62094
040 _aDLC
_cDLC
_dDLC
_dBD-RjUL
_beng
041 0 _aengben
082 _223
_a304.6095492021
_bNET 2007 (CS)
110 _aBangladesh Bureau of Statistics.
_9179266
245 1 0 _aBangladesh population census-2001 = বাংলাদেশ আদমশুমারি-২০০১ :
_bCommunity series, Zila: Netrokona = কমিউনিটি সিরিজ, জেলা: নেত্রকোনা /
_cBangladesh Bureau of Statistics.
246 _aবাংলাদেশ আদমশুমারি-২০০১ :
_bকমিউনিটি সিরিজ, জেলা: নেত্রকোনা
260 _aDhaka :
_bBangladesh Bureau of Statistics,
_c2007
300 _axiv, 423 p. :
_bill. ;
_c28 cm.
490 _aCommunity series, Zila: Netrokona
490 _aকমিউনিটি সিরিজ, জেলা: নেত্রকোনা
500 _aPrefatory matter in Bengali and English.
651 _aBangladesh
_zNetrokona
_vCensus, 2001.
_9183920
651 _aBangladesh
_zNetrokona
_xPopulation
_vStatistics.
_9180057
_y2001
830 _aCommunity series, Zila: Netrokona
_9180058
830 _aকমিউনিটি সিরিজ, জেলা: নেত্রকোনা
_9185214
942 _2ddc
_cRAR
999 _c61969
_d61969